Bituminous road contraction in India / (Record no. 140954)

MARC details
000 -LEADER
fixed length control field 00611nam a22001937a 4500
005 - DATE AND TIME OF LATEST TRANSACTION
control field 20170609130144.0
010 ## - LCCN (DPL NO)
LC control number ENG-118607
020 ## - INTERNATIONAL STANDARD BOOK NUMBER
International Standard Book Number 9788120352582
Terms of availability 525.00
035 ## - SYSTEM CONTROL NUMBER
System control number EN-102139
037 ## - SOURCE OF ACQUISITION
Source of stock number/acquisition DBAD/PUB
082 ## - DEWEY DECIMAL CLASSIFICATION NUMBER
Classification number 625.850954
100 ## - MAIN ENTRY--PERSONAL NAME
Personal name Kandhal,Prithvi Singh
245 ## - TITLE STATEMENT
Title Bituminous road contraction in India /
Statement of responsibility, etc by Prithvi Singh Kandhal
260 ## - PUBLICATION, DISTRIBUTION, ETC. (IMPRINT)
Place of publication, distribution, etc New Delhi
Name of publisher, distributor, etc PHI Learning
Date of publication, distribution, etc 2016
270 ## - ADDRESS
Address Rimjhim House, 111, Patparganj Industrial Estate
City Delhi
Postal code 110092
300 ## - PHYSICAL DESCRIPTION
Extent xv,400p.:
Dimensions 24cm(pbk)
Other physical details ill.
500 ## - GENERAL NOTE
General note Includes index
942 ## - ADDED ENTRY ELEMENTS (KOHA)
Source of classification or shelving scheme Dewey Decimal Classification
Item type English Books
Call number suffix KAN
Classification part 625.850954
Holdings
Withdrawn status Lost status Not for loan Collection code Home library Current library Date acquired Source of acquisition Cost, normal purchase price Full call number Barcode Copy number Cost, replacement price Koha item type
      Non-fiction Shahdara Branch Shahdara Branch 09/06/2017 DBAD/PUB 525.00 625.850954 KAN EN-102139 1 525.00 English Books

© Delhi Public Library
Hit Counter
free hit counter